000 00897nam a2200289 i 4500
003 DO-SdBNP
005 20250902095151.0
006 a||||gr|||| 00| 0
007 ta
008 231023e1990 dr ||||| |||| 00| 0 spa d
040 _aDO-SdBNP
_bspa
_cBNPHU
_erda
041 _asp
082 4 _a335.4119
_bC343e 1990
_222
100 1 _aCassá, Roberto,
_d1948-
_eautor
_910888
245 1 0 _aElementos introductorios a la teoría materialista de la historia. /
_cRoberto Cassá.
250 _aSexta edición
264 _aSanto Domingo :
_bEditora Búho,
_c1990.
300 _a102 páginas
_c17 cm.
336 _2rdacontent
_atexto
_btxt
337 _2rdamedia
_asin mediación
_bn
338 _2rdacarrier
_avolumen
_bnc
590 _aInventariado 2023 / MF
650 4 _2Materialismo histórico
650 4 _aHistoria
_xEnsayos, conferencias, etc
_938531
910 _aMF
942 _2ddc
_cLBS1
999 _c55241
_d55241